Key Concepts in Mental Health / Second Edition (Record no. 6426)
[ view plain ]
| 000 -LEADER | |
|---|---|
| fixed length control field | 01204cam a22002054a 4500 |
| 005 - ΗΜΕΡΟΜΗΝΙΑ ΚΑΙ ΩΡΑ ΤΕΛΕΥΤΑΙΑΣ ΕΝΗΜΕΡΩΣΗΣ | |
| Πεδίο ελέγχου | 20250605164242.0 |
| 008 - FIXED-LENGTH DATA ELEMENTS--GENERAL INFORMATION | |
| Πεδίο ελέγχου σταθερού μήκους | 250528s ||||||||||||||||||||||||d |
| 035 ## - SYSTEM CONTROL NUMBER | |
| System control number | 21361 |
| 020 ## - ISBN | |
| ISBN | 9781848608801 |
| 040 ## - ΠΗΓΗ ΚΑΤΑΛΟΓΟΓΡΑΦΗΣΗΣ | |
| Φορέας πρωτότυπης καταλογογράφησης | MC Athens Campus Library |
| Γλώσσα καταλογογράφησης | Ελληνικά, Μοντέρνα (1453-) |
| Modifying agency | MC Athens Campus Library |
| Κανόνες περιγραφικής καταλογογράφησης | AACR2 |
| 245 1# - ΤΙΤΛΟΣ ΚΑΙ ΔΗΛΩΣΗ ΥΠΕΥΘΥΝΟΤΗΤΑΣ | |
| Τίτλος | Key Concepts in Mental Health / Second Edition |
| 250 ## - EDITION STATEMENT | |
| Edition statement | 2nd |
| 260 ## - PUBLICATION, DISTRIBUTION, ETC. | |
| Name of publisher, distributor, etc. | Sage Publications, |
| Date of publication, distribution, etc. | 2009 |
| 300 ## - PHYSICAL DESCRIPTION | |
| Extent | 204 |
| 520 ## - SUMMARY, ETC. | |
| Summary, etc. | An accessible and authoritative knowledge of the essential topics in a variety of disciplines. Acknowledgements, Mental Health and Mental Health Problems, Psychiatric Diagnosis, Psychiatric Epidemiology, Functional and Organic Mental Illnesses, The Myth of Mental Illness, Madness, Sadness, Fear, Personality Disorders, Self-Harm, Substance Misuse, Learning Disability, Causes and Constructs, Physical Health, Well-Being, Pleasure, Creativity, Spirituality, Eating Disorders, Mental Health Services, Primary Care, Careers, Recovery, Coercion, Malpractice, Mental Health and Society, Segregation, Eugenics, Stigma, Work, The Mass Media, Suicide, Social Class, Race, Gender, Age, Childhood Adversity, Warfare. |
| 700 1# - ΠΡΟΣΘΕΤΗ ΑΝΑΓΡΑΦΗ--ΦΥΣΙΚΟ ΠΡΟΣΩΠΟ | |
| Personal name | Pilgrim David |
| 9 (RLIN) | 7417 |
| 942 ## - ADDED ENTRY ELEMENTS (KOHA) | |
| Koha item type | Books |
| Τύπος τεκμηρίου | Βιβλιοθήκη | Τρέχουσα τοποθεσία | Barcode | Αριθμός εισαγωγής | Ημερομηνία απόκτησης | Ταξιθετικό σύμβολο | Αριθμός αντιτύπου | Κατάσταση απόσυρσης | Κατάσταση χαμένου | Κατάσταση κατεστραμμένου | Μη δανεισμός | Σύνολο δανεισμών | Ημερομηνία τελευταίας εμφάνισης | Η τιμή ισχύει από |
|---|---|---|---|---|---|---|---|---|---|---|---|---|---|---|
| Books | MC Athens Campus Library | MC Athens Campus Library | 9780000064257 | 5608 | 05/06/2025 | 362.2 PIL | 1 | 05/06/2025 | 05/06/2025 |